000 00983nam a22002177a 4500
003 OSt
005 20260213142402.0
008 260213b |||||||| |||| 00| 0 eng d
040 _c0
082 _2DPer 796.07 J826 January-October 2023 v. 42 n. 1-4
100 _aCapella-Peris, Carlos.
_eauthor.
_959904
245 _aLet Us Debate! A Proposal to promote Social Entrepreneurship in Physical Education Teacher Education /
_cCarlos Capella-Peris,Oscar Chiva-Bartoll, Celina Salavador-Garcia, and María Maravé-Vivas.
260 _aChampaign, IL ;
_bHuman Kinetics, Inc.
_cApril 2023
300 _aVolume 42, pages 361-370 :
_billustration ;
_c29 cm.
500 _aJournal of Teaching in Physical Education, vol. 42 no. 2, pages 361-370, April 2023
700 _aCapella-Peris, Carlos.
_eauthor.
_959904
700 _aChiva-Bartoll, Oscar.
_eauthor.
_959906
700 _aSalvador-Garcia, Celina
_eauthor.
_969726
700 _aMaravé-Vivas, María
_eauthor.
_969727
942 _2ddc
_cPER
999 _c24323
_d24323